<The> external wealth of nations measures of foreign assets and liabilities for industrial and developing countries

Na minha lista:
Detalhes bibliográficos
Autor principal: Lane, Philip
Outros Autores: Milesi-Ferretti, Gian Maria
Formato: Livro
Idioma:inglês
Publicado em: Washington International Monetary Fund 1999
Colecção:IMF Working Paper WP/99/115
Assuntos:
Tags: Adicionar Tag
Sem tags, seja o primeiro a adicionar uma tag!

MARC

LEADER 00000nam a2200000 4500
001 c123765
005 20221221082324.5
041 0 |a eng 
044 |a US 
245 1 0 |a <The> external wealth of nations  |b measures of foreign assets and liabilities for industrial and developing countries  |c Philip Lane and Gian Maria Milesi-Ferretti 
264 1 |a Washington  |b International Monetary Fund  |c 1999 
300 |a 57 s. 
490 1 |a IMF Working Paper  |v WP/99/115 
830 0 |a IMF Working Paper  |v WP/99/115 
610 2 0 |a pasíva 
610 2 0 |a aktíva 
610 2 0 |a financie medzinárodné 
610 2 0 |a investície priame zahraničné 
100 1 |a Lane, Philip 
700 1 |a Milesi-Ferretti, Gian Maria